Le problème des Argonautes : Recherches sur les aspects religieux de la légende /

محفوظ في:

المؤلف الرئيسي: Roux, René, 1889- (مؤلف)

التنسيق: كتاب

اللغة: French

منشور في: Paris : E. de Boccard, 1949.

الموضوعات:

الوسوم: إضافة وسم

لا توجد وسوم, كن أول من يضع وسما على هذه التسجيلة!

رقم الطلب: BL820 .A8 R68x 1949

LEADER 00617nam a2200205I 4500
001 7535
003 OSt
005 20250915064449.0
008 130303s1949 fr b 000 0 fre d
040 |c ARCE Library 
050 4 |a BL820 .A8 R68x 1949 
100 1 |a Roux, René,  |d 1889-  |e author 
245 1 3 |a Le problème des Argonautes :  |b Recherches sur les aspects religieux de la légende /  |c René Roux. 
264 1 |a Paris :  |b E. de Boccard,  |c 1949. 
300 |a 417 pages ;  |c 23 cm. 
504 |a Bibliographical foot-notes. 
650 0 |a Argonauts (Greek mythology)  |9 4791 
901 |a reviewed 
942 |c BK  |2 lcc 
999 |c 9154  |d 9154